| 000 | 00607nam a2200205 a 4500 | ||
|---|---|---|---|
| 999 |
_c4169 _d4169 |
||
| 003 | PK-NaQUE | ||
| 005 | 20241203091037.0 | ||
| 008 | 241203b ||||| |||| 00| 0 eng d | ||
| 020 | _a0470278706 (hardcover) | ||
| 020 | _a9780470278703 (hardcover) | ||
| 040 | _cQUEST | ||
| 100 | 1 | _aKerzner, Harold R. | |
| 245 | 1 | 0 | _aProject Management: a systems approach to planning, scheduling, and controlling |
| 250 | _a10th ed. | ||
| 260 |
_a[S.l.] : _bWiley, _c2009. |
||
| 300 | _a1120 p. ; | ||
| 650 | _aProject Management | ||
| 856 | 4 | 0 |
_uhttp://10.10.170.122:8080/browse/book/15046 _yeBook |
| 942 |
_cBK _2ddc |
||